| 000 | 00886 a2200313 4500 | ||
|---|---|---|---|
| 001 | 200129039 | ||
| 999 |
_c200129039 _d31957 |
||
| 003 | TR-AnTOB | ||
| 005 | 20240822155854.0 | ||
| 008 | 130424s 2 tu 000 0 | ||
| 020 | _a9780007304509 | ||
| 040 | _aTR-AnTOB | ||
| 041 | _aeng | ||
| 050 | 0 | 0 |
_aPR6102.A525 _bS57 2009 |
| 090 | _aPR6102.A525.S57 2009 | ||
| 100 | 1 |
_aBagshawe, Tilly _988186 |
|
| 245 | 1 | 0 |
_aSidney Sheldon's Mistress of the game / _cTilly Bagshawe. |
| 246 | 3 | 0 | _aMistress of the game |
| 264 | 1 |
_aNew York : _bWilliam Morrow, _c2009. |
|
| 300 |
_a330 p. ; _c24 cm |
||
| 650 | 0 | 7 |
_aŞirketler _2etuturkob _962609 |
| 650 | 0 | 0 |
_aAileler _vRoman _988188 |
| 650 | 0 |
_aFamilies _942810 |
|
| 650 | 0 |
_aCorporations _xFinance _9515 |
|
| 650 | 0 | 0 |
_aDetective and mystery stories _964598 |
| 650 | 0 |
_aPolisiye öyküler _984828 |
|
| 700 | 1 |
_aSheldon, Sidney _913572 |
|
| 999 | _tt.o 11.04.2012 | ||
| 942 | _cBK | ||